[Event "DC International 2014"]
[Site "Arlington, VA"]
[Date "2014.06.27"]
[Round "4"]
[White "Gulamali, Kazim"]
[Black "Wang, Qibiao"]
[Result "1/2-1/2"]
[WhiteElo "2300"]
[BlackElo "2164"]
[PlyCount "89"]
[EventDate "2014.06.??"]
[EventType "swiss"]
[EventRounds "9"]
[EventCountry "USA"]

1. e4 e6 2. d4 d5 3. e5 c5 4. c3 Nc6 5. Nf3 Qb6 6. a3 c4 7. Nbd2 f6 8. Be2 fxe5
9. Nxe5 Nxe5 10. dxe5 Bc5 11. O-O Ne7 12. b4 cxb3 13. Nxb3 O-O 14. Nxc5 Qxc5
15. Qd3 Bd7 16. a4 Rf7 17. Be3 Qc7 18. f4 Rc8 19. Rfc1 Nf5 20. Bd2 Qc5+ 21. Kh1
Bc6 22. Bg4 g6 23. Rf1 a5 24. Be2 Rd7 25. Bg4 d4 26. c4 Kh8 27. Rf2 b6 28. Be1
Bb7 29. Rc2 Re8 30. Bf2 Bc6 31. Bh3 Qb4 32. Rcc1 Qb2 33. Qf1 d3 34. Bg4 d2 35.
Rcb1 Qc3 36. Rxb6 Be4 37. c5 h5 38. Be2 Red8 39. Rd1 Rc7 40. Rxe6 Kh7 41. Bxh5
gxh5 42. Qe2 Qc2 43. Qxh5+ Kg8 44. Qg5+ Kh7 45. Qh5+ 1/2-1/2

[Event "DC International 2014"]
[Site "Arlington, VA"]
[Date "2014.06.27"]
[Round "4"]
[White "Pressman, Leif"]
[Black "Leon, Isaac"]
[Result "1-0"]
[WhiteElo "2281"]
[BlackElo "2127"]
[PlyCount "113"]
[EventDate "2014.06.??"]
[EventType "swiss"]
[EventRounds "9"]
[EventCountry "USA"]

1. e4 c5 2. Nf3 d6 3. d4 cxd4 4. Nxd4 Nf6 5. Nc3 a6 6. Bg5 e6 7. f4 Nc6 8. Nxc6
bxc6 9. e5 h6 10. Bh4 g5 11. fxg5 Nd5 12. Ne4 Qb6 13. c3 Qxb2 14. Rb1 Qxa2 15.
g6 fxg6 16. Bd3 Nf4 17. Nf6+ Kf7 18. Bxg6+ Kxg6 19. Qg4+ Kf7 20. O-O dxe5 21.
Ne4 Bg7 22. Nd6+ Kg8 23. Ne8 Qxg2+ 24. Qxg2 Nxg2 25. Kxg2 Rh7 26. Bf6 a5 27.
Bxg7 Rxg7+ 28. Nxg7 Kxg7 29. Kf3 Ba6 30. Rf2 Rd8 31. Rg1+ Kh7 32. Ke4 Bd3+ 33.
Kxe5 Bf5 34. c4 c5 35. Ra2 h5 36. Rxa5 Rd2 37. Rxc5 Rxh2 38. Rc8 Rf2 39. c5 Bg4
40. c6 Rf5+ 41. Kd6 Rd5+ 42. Kc7 Rd2 43. Rc1 Kg7 44. Rd8 Rb2 45. Kd6 Rb6 46.
Kc5 Rb2 47. c7 e5 48. c8=Q Bxc8 49. Rxc8 Kf6 50. Rf1+ Ke7 51. Rh8 Rh2 52. Rh7+
Ke6 53. Rh6+ Ke7 54. Kd5 h4 55. Rh7+ Ke8 56. Ra1 Rd2+ 57. Ke6 1-0

[Event "DC International 2014"]
[Site "Arlington, VA"]
[Date "2014.06.27"]
[Round "4"]
[White "Cheng, Bindi"]
[Black "Nguyen, Tan"]
[Result "1/2-1/2"]
[WhiteElo "2410"]
[BlackElo "1870"]
[PlyCount "156"]
[EventDate "2014.06.??"]
[EventType "swiss"]
[EventRounds "9"]
[EventCountry "USA"]

1. Nf3 d6 2. e4 g6 3. d4 Bg7 4. Nc3 a6 5. a4 b6 6. Bc4 e6 7. h4 h5 8. Be3 Bb7
9. Ba2 Nd7 10. Ng5 Qe7 11. Qe2 Ngf6 12. f3 Nf8 13. O-O-O N8h7 14. Rhe1 Nxg5 15.
Bxg5 Qd7 16. Kb1 b5 17. e5 Nh7 18. d5 Nxg5 19. hxg5 Bxe5 20. dxe6 fxe6 21. f4
Bxc3 22. bxc3 d5 23. axb5 Qxb5+ 24. Qxb5+ axb5 25. Rxe6+ Kf7 26. Bxd5 Rhd8 27.
Rd6+ Ke7 28. Bxb7 cxd6 29. Bxa8 Rxa8 30. Re1+ Kd7 31. Re4 Rf8 32. Kc1 Rf5 33.
Kd2 Rd5+ 34. Ke2 Rc5 35. Re3 b4 36. cxb4 Rxc2+ 37. Kf3 Rb2 38. Re4 d5 39. Rd4
Ke6 40. Kg3 Kd6 41. Kh3 Rb3+ 42. Kh4 Rb1 43. f5 Rh1+ 44. Kg3 gxf5 45. g6 Ke6
46. Rxd5 f4+ 47. Kf2 Kf6 48. Rd6+ Kg7 49. Kf3 Rb1 50. Rb6 Rb2 51. Kxf4 Rxg2 52.
Kf5 Kh6 53. b5 Rf2+ 54. Ke4 h4 55. Rb8 Kxg6 56. b6 h3 57. Rg8+ Kh7 58. b7 h2
59. Rh8+ Kxh8 60. b8=Q+ Kg7 61. Qg3+ Kh7 62. Qh4+ Kg8 63. Ke3 Rb2 64. Kf3 Kf7
65. Qh6 Kg8 66. Kg3 Kf7 67. Qh7+ Ke6 68. Qh8 Rd2 69. Qh6+ Kf5 70. Qh5+ Ke4 71.
Qf3+ Kd4 72. Qf6+ Kd3 73. Qc6 Re2 74. Qb5+ Kd2 75. Qd5+ Ke3 76. Qd1 Rd2 77. Qb1
Re2 78. Qb3+ Kd2 1/2-1/2

[Event "DC International 2014"]
[Site "Arlington, VA"]
[Date "2014.06.27"]
[Round "4"]
[White "Panchevski, Filip"]
[Black "Gautam, Yogesh"]
[Result "1-0"]
[WhiteElo "2476"]
[BlackElo "2101"]
[PlyCount "74"]
[EventDate "2014.06.??"]
[EventType "swiss"]
[EventRounds "9"]
[EventCountry "USA"]

1. e4 e6 2. d3 Nf6 3. Nd2 Nc6 4. Ngf3 Be7 5. g3 d5 6. c3 dxe4 7. dxe4 e5 8. Bg2
Bg4 9. O-O Qd3 10. Re1 O-O-O 11. Bf1 Bxf3 12. Qxf3 Qxf3 13. Nxf3 Nd7 14. b4 f6
15. Be3 g5 16. a4 a5 17. b5 Ncb8 18. Bh3 b6 19. Nd2 Kb7 20. Nb3 Nc5 21. Bxc5
Bxc5 22. Nxc5+ bxc5 23. Red1 Kb6 24. Be6 Rhe8 25. Bc4 Ka7 26. Kg2 Nd7 27. Rd5
Nb6 28. Rxc5 Kb8 29. Bd5 Rd6 30. c4 Red8 31. f3 Nd7 32. Rc6 Rxc6 33. bxc6 Nb6
34. Kf2 Ka7 35. c5 Nxd5 36. Rd1 Rb8 37. exd5 Rb2+ 1-0

[Event "DC International 2014"]
[Site "Arlington, VA"]
[Date "2014.06.27"]
[Round "4"]
[White "Filipovich, David"]
[Black "Balasubramanian, Adithya"]
[Result "1-0"]
[WhiteElo "2076"]
[BlackElo "2320"]
[PlyCount "73"]
[EventDate "2014.06.??"]
[EventType "swiss"]
[EventRounds "9"]
[EventCountry "USA"]

1. Nf3 Nf6 2. g3 g6 3. Bg2 Bg7 4. O-O O-O 5. d4 d5 6. c4 dxc4 7. Na3 c3 8. bxc3
c5 9. e3 Nc6 10. Bb2 Qc7 11. Qe2 Rd8 12. Rfc1 Bf5 13. Nd2 cxd4 14. cxd4 Qd7 15.
Nb3 Qe8 16. Nc5 b6 17. Ne6 Bxe6 18. Bxc6 Bd7 19. Bxa8 Rxa8 20. e4 Bh3 21. f3 h5
22. Nb5 Qd8 23. d5 Bh6 24. Rc2 h4 25. g4 Bf4 26. Nd4 Qd7 27. Nc6 Re8 28. Qf2 g5
29. Qd4 Bd6 30. e5 Bc5 31. Rxc5 bxc5 32. Qc3 Qxd5 33. exf6 Qxc6 34. fxe7 Qh6
35. Rd1 Kh7 36. Rd8 Qa6 37. Qg7# 1-0

[Event "DC International 2014"]
[Site "Arlington, VA"]
[Date "2014.06.27"]
[Round "4"]
[White "Chan, James"]
[Black "Vibbert, Sean"]
[Result "0-1"]
[WhiteElo "2023"]
[BlackElo "2316"]
[PlyCount "80"]
[EventDate "2014.06.??"]
[EventType "swiss"]
[EventRounds "9"]
[EventCountry "USA"]

1. e4 c5 2. Nf3 e6 3. d4 cxd4 4. Nxd4 Nc6 5. Nc3 Qc7 6. Be3 a6 7. f4 b5 8. Nxc6
Qxc6 9. Bd3 Bb7 10. O-O Nf6 11. a3 Bc5 12. Bxc5 Qxc5+ 13. Kh1 h5 14. Qf3 Ng4
15. Rae1 f5 16. Nd1 Rc8 17. c3 h4 18. Qh3 g6 19. exf5 gxf5 20. Ne3 Rg8 21. Nxg4
Rxg4 22. Be4 Bxe4 23. Rxe4 Qc6 24. Re2 Kf7 25. Qf3 Qd6 26. Ref2 Rc4 27. h3
Rcxf4 28. hxg4 Rxf3 29. Rxf3 Qd2 30. R1f2 Qd1+ 31. Rf1 Qc2 32. R1f2 Qb1+ 33.
Kh2 Kf6 34. gxf5 e5 35. Rd2 e4 36. Re3 Qc1 37. Ree2 d5 38. Rxd5 Qf4+ 39. Kg1 h3
40. Rd4 h2+ 0-1

[Event "DC International 2014"]
[Site "Arlington, VA"]
[Date "2014.06.27"]
[Round "4"]
[White "Vaidya, Atulya"]
[Black "Shetty, Atulya"]
[Result "0-1"]
[WhiteElo "1980"]
[BlackElo "2302"]
[PlyCount "70"]
[EventDate "2014.06.??"]
[EventType "swiss"]
[EventRounds "9"]
[EventCountry "USA"]

1. d4 d5 2. c4 c6 3. cxd5 cxd5 4. Nf3 Nf6 5. Nc3 Nc6 6. Bf4 a6 7. e3 Bg4 8. Qb3
Na5 9. Qc2 Bxf3 10. gxf3 e6 11. Bd3 Bd6 12. Bg5 Rc8 13. f4 b5 14. a3 Nc4 15.
Ke2 h6 16. Bh4 Be7 17. Rhg1 O-O 18. Rgc1 Nd7 19. Bxe7 Qxe7 20. Bxc4 Rxc4 21.
Qd2 Qh4 22. Rg1 Qh5+ 23. Kd3 Rfc8 24. Rac1 Nf6 25. Rgf1 a5 26. f3 b4 27. axb4
axb4 28. Na2 Qg6+ 29. e4 Nxe4 30. Rg1 Nxd2+ 31. Rxg6 fxg6 32. Kxd2 Rxd4+ 33.
Ke3 Rxc1 34. Nxc1 Rc4 35. Nd3 b3 0-1

[Event "DC International 2014"]
[Site "Arlington, VA"]
[Date "2014.06.27"]
[Round "4"]
[White "Wheeler, Cameron"]
[Black "Dixon, Dakota"]
[Result "1-0"]
[WhiteElo "2242"]
[BlackElo "2055"]
[PlyCount "101"]
[EventDate "2014.06.??"]
[EventType "swiss"]
[EventRounds "9"]
[EventCountry "USA"]

1. c4 e5 2. g3 Nf6 3. Bg2 d5 4. cxd5 Nxd5 5. Nc3 Nb6 6. Nf3 Nc6 7. O-O Be7 8.
a3 Be6 9. b4 O-O 10. Rb1 f6 11. d3 Qd7 12. b5 Nd4 13. Nd2 c6 14. bxc6 Nxc6 15.
Nc4 Nxc4 16. dxc4 Qxd1 17. Rxd1 Rab8 18. Nd5 Kf7 19. Nxe7 Kxe7 20. Be3 Rfd8 21.
Rxd8 Nxd8 22. Bxa7 Rc8 23. c5 Ra8 24. Bb6 Nc6 25. Bc7 Rxa3 26. Bd6+ Ke8 27. f4
exf4 28. Rxb7 Ra1+ 29. Kf2 fxg3+ 30. hxg3 Bd7 31. Bd5 Ra4 32. Rb6 Ne7 33. Rb8+
Nc8 34. Bc6 Bxc6 35. Rxc8+ Kd7 36. Rc7+ Ke6 37. Rxc6 h5 38. Rc7 g5 39. e4 f5
40. Re7+ Kf6 41. e5+ Kg6 42. c6 Ra2+ 43. Ke3 h4 44. c7 Rc2 45. gxh4 f4+ 46. Kd3
Rc1 47. Re6+ Kf5 48. Rf6+ Kg4 49. hxg5 Kxg5 50. Rf8 f3 51. c8=Q 1-0

[Event "DC International 2014"]
[Site "Arlington, VA"]
[Date "2014.06.27"]
[Round "4"]
[White "Sinha, Sahil"]
[Black "Ivanov, Mike"]
[Result "1/2-1/2"]
[WhiteElo "1959"]
[BlackElo "2137"]
[PlyCount "77"]
[EventDate "2014.06.??"]
[EventType "swiss"]
[EventRounds "9"]
[EventCountry "USA"]

1. d4 Nf6 2. c4 g6 3. Nc3 Bg7 4. e4 O-O 5. Nf3 d6 6. Be2 e5 7. O-O Nc6 8. d5
Ne7 9. Ne1 Nd7 10. Be3 f5 11. f3 f4 12. Bf2 g5 13. Rc1 Ng6 14. Nb5 b6 15. b4 a6
16. Nc3 Rf7 17. c5 bxc5 18. bxc5 Nf6 19. Nd3 h5 20. Nb4 g4 21. Nc6 Qe8 22. cxd6
cxd6 23. Na4 g3 24. Be1 gxh2+ 25. Kxh2 Nd7 26. Bf2 Bf6 27. Qe1 Rg7 28. Na5 Ne7
29. Rg1 h4 30. Nc6 Qg6 31. Na7 Qh6 32. Nxc8 Nxc8 33. Bxa6 Rxa6 34. Rxc8+ Kh7
35. Nc3 Qg5 36. Qe2 Ra5 37. Nb5 Be7 38. Nc7 Nc5 39. Nb5 1/2-1/2

[Event "DC International 2014"]
[Site "Arlington, VA"]
[Date "2014.06.27"]
[Round "4"]
[White "Li, Ruifeng"]
[Black "Obili, Abhishek"]
[Result "1-0"]
[WhiteElo "2305"]
[BlackElo "1910"]
[PlyCount "107"]
[EventDate "2014.06.??"]
[EventType "swiss"]
[EventRounds "9"]
[EventCountry "USA"]

1. e4 c5 2. Nf3 Nc6 3. d4 cxd4 4. Nxd4 g6 5. c4 Nf6 6. Nc3 Nxd4 7. Qxd4 d6 8.
Be2 Bg7 9. Bg5 O-O 10. Qd2 Be6 11. Rc1 Qa5 12. f3 Rfc8 13. b3 a6 14. Na4 Qxd2+
15. Kxd2 Rc6 16. g4 Re8 17. Nc3 h6 18. Be3 Rcc8 19. h4 Nd7 20. Nd5 Ne5 21. Rhd1
Nc6 22. Ke1 Bxd5 23. Rxd5 Bb2 24. Rc2 Bf6 25. a3 Bxh4+ 26. Kf1 Kg7 27. Kg2 Bf6
28. b4 Red8 29. Rcd2 Bc3 30. R2d3 Be5 31. Rd1 e6 32. R5d3 g5 33. Bb6 Re8 34.
Rb3 Ne7 35. a4 Ng6 36. Be3 Nh4+ 37. Kf2 f5 38. Bd4 Kf6 39. Bxe5+ dxe5 40. exf5
exf5 41. Rd7 Re7 42. Rbd3 Rxd7 43. Rxd7 fxg4 44. fxg4 Ke6 45. Rxb7 Rf8+ 46. Kg3
e4 47. c5 Ke5 48. c6 e3 49. c7 Rc8 50. b5 axb5 51. axb5 Kd6 52. b6 Kc6 53. Rb8
Kd7 54. Bb5+ 1-0

[Event "DC International 2014"]
[Site "Arlington, VA"]
[Date "2014.06.27"]
[Round "4"]
[White "Nieto, Manuel"]
[Black "Nguyen, Trung"]
[Result "1-0"]
[WhiteElo "2057"]
[BlackElo "1041"]
[PlyCount "165"]
[EventDate "2014.06.??"]
[EventType "swiss"]
[EventRounds "9"]
[EventCountry "USA"]

1. d4 Nf6 2. c4 g6 3. Nc3 Bg7 4. Nf3 O-O 5. Bf4 d6 6. h3 Nbd7 7. e3 c6 8. Be2
a6 9. a4 a5 10. O-O Nb8 11. e4 Na6 12. Qd2 Nb4 13. Rad1 Ne8 14. d5 cxd5 15.
cxd5 Bd7 16. Rc1 Nc7 17. e5 dxe5 18. Nxe5 Nca6 19. d6 exd6 20. Qxd6 Be6 21. Ne4
Bd5 22. Qxd8 Raxd8 23. Bxa6 Nxa6 24. Rfe1 Nb4 25. Rc7 Bxe4 26. Rxe4 Nd5 27. Rc5
Rfe8 28. Bg3 b6 29. Rcc4 f5 30. Re1 f4 31. Bh4 Rd6 32. Nf3 Rxe1+ 33. Nxe1 Bxb2
34. Nd3 Ba1 35. Bg5 Ne3 36. fxe3 Rxd3 37. Bxf4 Rd1+ 38. Kf2 Rb1 39. Rc8+ Kf7
40. Rc7+ Kg8 41. Rc8+ Kf7 42. Rc7+ Kf8 43. Rxh7 Kg8 44. Rb7 Rb4 45. Bc7 Rxa4
46. Rxb6 Kf7 47. Ra6 Ra2+ 48. Kf3 a4 49. g3 Bf6 50. Ke4 Be7 51. Ke5 a3 52. Bd6
Bxd6+ 53. Kxd6 Rd2+ 54. Ke5 a2 55. Ra7+ Ke8 56. e4 Rg2 57. Ke6 Kd8 58. g4 Kc8
59. e5 Rb2 60. Kf6 Kb8 61. Ra3 Re2 62. e6 Kc7 63. g5 Kd6 64. Ra6+ Kd5 65. Kf7
Rxe6 66. Rxa2 Rb6 67. Rf2 Ke5 68. Rf6 Rb3 69. Kxg6 Rxh3 70. Rf1 Rg3 71. Re1+
Kf4 72. Rf1+ Kg4 73. Ra1 Rb3 74. Ra4+ Kg3 75. Kh6 Rb6+ 76. g6 Rb8 77. g7 Kh3
78. Kh7 Rb5 79. g8=Q Rh5+ 80. Kg7 Rg5+ 81. Kf7 Rf5+ 82. Ke6 Kh2 83. Rh4# 1-0

[Event "DC International 2014"]
[Site "Arlington, VA"]
[Date "2014.06.27"]
[Round "4"]
[White "Chang, Jeffrey"]
[Black "Helfst, Matt"]
[Result "1/2-1/2"]
[WhiteElo "2050"]
[BlackElo "1951"]
[PlyCount "47"]
[EventDate "2014.06.??"]
[EventType "swiss"]
[EventRounds "9"]
[EventCountry "USA"]

1. e4 d5 2. exd5 Qxd5 3. Nf3 Nf6 4. d4 Bg4 5. Be2 e6 6. O-O c6 7. c4 Qd8 8. Nc3
Bd6 9. h3 Bxf3 10. Bxf3 O-O 11. Be3 a6 12. Qb3 Qc7 13. d5 exd5 14. Bb6 Qc8 15.
cxd5 c5 16. Na4 Nbd7 17. Rac1 Rb8 18. Rc2 Nxb6 19. Qxb6 Qd8 20. Qxd8 Rfxd8 21.
b3 b6 22. Rd1 g6 23. Be2 Be5 24. Bxa6 1/2-1/2

[Event "DC International 2014"]
[Site "Arlington, VA"]
[Date "2014.06.28"]
[Round "5.1"]
[White "Azarov, Sergei"]
[Black "Kannappan, Priyadharshan"]
[Result "1/2-1/2"]
[WhiteElo "2610"]
[BlackElo "2443"]
[PlyCount "40"]
[EventDate "2014.06.??"]
[EventType "swiss"]
[EventRounds "9"]
[EventCountry "USA"]
[WhiteClock "0:51:09"]
[BlackClock "1:18:14"]

1. e4 e5 2. Nf3 Nc6 3. Bb5 Nf6 4. O-O Nxe4 5. d4 Nd6 6. Bxc6 dxc6 7. dxe5 Nf5
8. Qxd8+ Kxd8 9. Nc3 Bd7 10. h3 h6 11. b3 b6 12. Bb2 Kc8 13. Kh2 h5 14. Ng5 Be8
15. Nce4 Be7 16. g3 a5 17. a4 c5 18. Rfd1 Kb7 19. Rd3 Rd8 20. Rad1 Rxd3 1/2-1/2

[Event "DC International 2014"]
[Site "Arlington, VA"]
[Date "2014.06.28"]
[Round "5.2"]
[White "Vidal, Yuri"]
[Black "Perez, Yuniesky"]
[Result "1/2-1/2"]
[WhiteElo "2557"]
[BlackElo "2642"]
[PlyCount "28"]
[EventDate "2014.06.??"]
[EventType "swiss"]
[EventRounds "9"]
[EventCountry "USA"]
[WhiteClock "1:32:28"]
[BlackClock "1:41:51"]

1. d4 Nf6 2. c4 e6 3. Nc3 Bb4 4. e3 O-O 5. Nge2 d5 6. a3 Bd6 7. Ng3 dxc4 8.
Bxc4 c5 9. dxc5 Bxc5 10. Qxd8 Rxd8 11. b4 Be7 12. Bb2 Nc6 13. Nce4 Nxe4 14.
Nxe4 b6 1/2-1/2

[Event "DC International 2014"]
[Site "Arlington, VA"]
[Date "2014.06.28"]
[Round "5.3"]
[White "Boros, Denes"]
[Black "Barbosa, Oliver"]
[Result "1/2-1/2"]
[WhiteElo "2474"]
[BlackElo "2592"]
[PlyCount "69"]
[EventDate "2014.06.??"]
[EventType "swiss"]
[EventRounds "9"]
[EventCountry "USA"]
[WhiteClock "0:19:09"]
[BlackClock "0:17:06"]

1. d4 d5 2. c4 c6 3. Nf3 Nf6 4. Nc3 dxc4 5. a4 Bf5 6. e3 e6 7. Bxc4 Bb4 8. O-O
O-O 9. Qe2 Nbd7 10. e4 Bg6 11. Bd3 Bh5 12. e5 Nd5 13. Nxd5 cxd5 14. Qe3 Be7 15.
Ng5 Bxg5 16. Qxg5 Bg6 17. Bb5 h6 18. Qxd8 Rfxd8 19. Bd2 a6 20. Be2 Rdc8 21.
Rfc1 Rc2 22. Rxc2 Bxc2 23. a5 Rc8 24. Rc1 Rc6 25. b4 Ba4 26. Rxc6 Bxc6 27. h4
Bb5 28. Bd1 Bd3 29. g4 b5 30. Kg2 Kh7 31. Kf3 Nb8 32. Ke3 Bb1 33. Be1 Nc6 34.
f4 g6 35. Be2 1/2-1/2

[Event "DC International 2014"]
[Site "Arlington, VA"]
[Date "2014.06.28"]
[Round "5.4"]
[White "Suarez, Isan"]
[Black "Sapozhnikov, Roman"]
[Result "1-0"]
[WhiteElo "2588"]
[BlackElo "2298"]
[PlyCount "93"]
[EventDate "2014.06.??"]
[EventType "swiss"]
[EventRounds "9"]
[EventCountry "USA"]
[WhiteClock "0:26:00"]
[BlackClock "0:16:00"]

1. e4 e5 2. Nf3 Nc6 3. d4 exd4 4. Nxd4 Nf6 5. Nxc6 bxc6 6. e5 Qe7 7. Qe2 Nd5 8.
c4 Ba6 9. Nd2 O-O-O 10. b3 Re8 11. Bb2 f6 12. Qe4 Nb6 13. O-O-O fxe5 14. Nf3 g6
15. Nxe5 Bh6+ 16. Kb1 c5 17. Qg4 Rhf8 18. f3 Rf5 19. Nd3 d5 20. cxd5 Nxd5 21.
Qa4 Bb7 22. Qxa7 Nb6 23. Nc1 c4 24. Bxc4 Nxc4 25. bxc4 Qb4 26. Qd4 Bc6 27. Nd3
Qa5 28. Rhe1 Rff8 29. Qc5 Qxc5 30. Nxc5 Be3 31. Ne4 Bxe4+ 32. fxe4 Rxe4 33. Re2
Rfe8 34. Rde1 Kd7 35. Kc2 R4e6 36. Bc1 Bc5 37. Rxe6 Rxe6 38. Rxe6 Kxe6 39. Kd3
Kf5 40. a4 Bd6 41. a5 c5 42. a6 Bb8 43. Be3 Ba7 44. Bf2 g5 45. Bg3 h5 46. h3 g4
47. h4 1-0

[Event "DC International 2014"]
[Site "Arlington, VA"]
[Date "2014.06.28"]
[Round "5"]
[White "Paragua, Mark"]
[Black "Neimer, Vitaly"]
[Result "1/2-1/2"]
[WhiteElo "2510"]
[BlackElo "2375"]
[PlyCount "134"]
[EventDate "2014.06.??"]
[EventType "swiss"]
[EventRounds "9"]
[EventCountry "USA"]

1. d4 Nf6 2. Bg5 d5 3. Bxf6 exf6 4. e3 Bd6 5. g3 O-O 6. Bg2 c6 7. Ne2 Bg4 8. h3
Be6 9. O-O Nd7 10. Nd2 f5 11. b3 Nf6 12. c4 Ne4 13. c5 Bc7 14. f4 Qd7 15. Qc2
a5 16. Kh2 h5 17. Bf3 g6 18. a3 Ra7 19. h4 Rfa8 20. Nc1 f6 21. Nd3 Qe7 22. Nb1
Bd7 23. Nc3 Nxc3 24. Qxc3 Re8 25. Rfe1 Rea8 26. Kg2 Kg7 27. Kf2 Kh6 28. Nb2 Qd8
29. Na4 Bc8 30. Qb2 Kg7 31. Nc3 Rb8 32. b4 axb4 33. axb4 Rba8 34. Rxa7 Rxa7 35.
Ra1 Rxa1 36. Qxa1 Be6 37. Qa4 Bd7 38. Qa3 Be6 39. Bd1 Kf7 40. Bb3 Ke8 41. Qa7
Qb8 42. Qxb8+ Bxb8 43. b5 Kd7 44. b6 Ke7 45. Ne2 Kd7 46. Nc1 Bf7 47. Bc2 Ke6
48. Nd3 Kd7 49. Ke2 Kc8 50. Kd2 Kd7 51. Kc3 Kc8 52. Kb4 Kd7 53. Ba4 Be8 54. Ka5
Kc8 55. Nb4 Bd7 56. Na2 Be6 57. Bxc6 bxc6 58. Ka6 Bd7 59. Nc1 Be6 60. Nb3 Bd7
61. Na5 Be8 62. Nb7 Bd7 63. Nd6+ Bxd6 64. cxd6 Kb8 65. b7 Be8 66. Kb6 Bd7 67.
Ka6 Be8 1/2-1/2

[Event "DC International 2014"]
[Site "Arlington, VA"]
[Date "2014.06.28"]
[Round "5"]
[White "Aripov, Iskandar"]
[Black "Panchevski, Filip"]
[Result "0-1"]
[WhiteElo "2213"]
[BlackElo "2476"]
[PlyCount "106"]
[EventDate "2014.06.??"]
[EventType "swiss"]
[EventRounds "9"]
[EventCountry "USA"]

1. d4 g6 2. e4 Bg7 3. Nf3 d6 4. c3 Nf6 5. Nbd2 O-O 6. Bd3 Nbd7 7. O-O e5 8. Nc4
Re8 9. dxe5 dxe5 10. Qe2 b6 11. b4 Nh5 12. g3 Qe7 13. a4 a6 14. Bg5 Qf8 15.
Rfd1 Nhf6 16. Nfd2 h6 17. Be3 h5 18. f3 h4 19. Nf1 Bh6 20. Bc2 Nh5 21. a5 b5
22. Qd2 Bg7 23. Nb2 Qe7 24. Bb3 Nf8 25. Bd5 Rb8 26. Bc6 Be6 27. Bxe8 Rxe8 28.
c4 bxc4 29. Rac1 f5 30. exf5 gxf5 31. Bg5 Qf7 32. Bxh4 Ng6 33. Bg5 f4 34. g4
Nf6 35. Bxf6 Bxf6 36. Na4 e4 37. fxe4 Bxg4 38. Qd5 Bxd1 39. Rxd1 Qxd5 40. exd5
Re2 41. d6 cxd6 42. Rxd6 Kf7 43. Rd7+ Ke8 44. Rc7 Bd4+ 45. Kh1 Ne5 46. Nc5 Re1
47. Ne6 f3 48. Ng7+ Kf8 49. Ne6+ Kg8 50. Rc8+ Kf7 51. Ng5+ Ke7 52. Nxf3 Rxf1+
53. Kg2 Rf2+ 0-1

[Event "DC International 2014"]
[Site "Arlington, VA"]
[Date "2014.06.28"]
[Round "5"]
[White "Gorovets, Andrey"]
[Black "Gulamali, Kazim"]
[Result "1-0"]
[WhiteElo "2446"]
[BlackElo "2300"]
[PlyCount "92"]
[EventDate "2014.06.??"]
[EventType "swiss"]
[EventRounds "9"]
[EventCountry "USA"]

1. c4 Nf6 2. Nc3 e5 3. Nf3 Nc6 4. g3 Bb4 5. Nd5 Bc5 6. d3 h6 7. Bg2 O-O 8. e3
d6 9. O-O a6 10. a3 Ba7 11. Nc3 Be6 12. b4 Qd7 13. Bb2 Rfe8 14. Re1 Rad8 15.
Qc2 Ne7 16. Rad1 Bg4 17. Ne2 Ng6 18. d4 Bf5 19. Qb3 e4 20. Ne5 Qe7 21. Nxg6
fxg6 22. d5 Rf8 23. h3 h5 24. Qc2 Rde8 25. Nf4 Nh7 26. Bd4 Bxd4 27. Rxd4 Nf6
28. h4 Ng4 29. Nh3 c5 30. dxc6 bxc6 31. Red1 Nxe3 32. fxe3 Bxh3 33. Bxh3 Rf3
34. Bg2 Rxg3 35. Qf2 Qxh4 36. Rf1 Re5 37. Qf8+ Kh7 38. Rd2 Rxe3 39. Qxd6 Rg5
40. Qf4 Qg3 41. Qxg3 Rgxg3 42. Kh2 Rg4 43. Ra2 g5 44. a4 Rb3 45. b5 cxb5 46.
cxb5 a5 1-0

[Event "DC International 2014"]
[Site "Arlington, VA"]
[Date "2014.06.28"]
[Round "5"]
[White "Vigorito, David"]
[Black "Wheeler, Cameron"]
[Result "1-0"]
[WhiteElo "2409"]
[BlackElo "2242"]
[PlyCount "79"]
[EventDate "2014.06.??"]
[EventType "swiss"]
[EventRounds "9"]
[EventCountry "USA"]

1. Nf3 d5 2. d4 Nf6 3. c4 c6 4. cxd5 cxd5 5. Nc3 Nc6 6. Bf4 Bf5 7. e3 a6 8. Rc1
g6 9. Ne5 Rc8 10. Qa4 Qb6 11. Be2 Bg7 12. O-O O-O 13. Qa3 Qa5 14. Qxa5 Nxa5 15.
b4 Nc6 16. a3 Nd8 17. g4 Be6 18. g5 Ne4 19. Nxd5 Re8 20. Rxc8 Bxc8 21. Rc1 Be6
22. Nc7 Rf8 23. f3 Nd6 24. e4 f6 25. gxf6 Bxf6 26. Be3 g5 27. Kg2 Kg7 28. Nxe6+
Nxe6 29. Nd7 Rd8 30. Nc5 Kf7 31. e5 Nf5 32. Kf2 Nxc5 33. bxc5 Bg7 34. Rb1 Nxd4
35. Bc4+ Kg6 36. Rxb7 Nf5 37. Rb6+ Kh5 38. Bf7+ Kh4 39. Rb4+ Kh3 40. Be6 1-0

[Event "DC International 2014"]
[Site "Arlington, VA"]
[Date "2014.06.28"]
[Round "5"]
[White "Nguyen, Tan"]
[Black "Kaufman, Lawrence"]
[Result "0-1"]
[WhiteElo "1870"]
[BlackElo "2329"]
[PlyCount "78"]
[EventDate "2014.06.??"]
[EventType "swiss"]
[EventRounds "9"]
[EventCountry "USA"]

1. d4 Nf6 2. c4 e6 3. g3 c5 4. d5 exd5 5. cxd5 d6 6. Nc3 g6 7. Bg2 Bg7 8. e4
O-O 9. Nf3 b5 10. Nd2 b4 11. Ne2 a5 12. O-O Ba6 13. Re1 Nbd7 14. f4 Re8 15. Qc2
c4 16. h3 Rc8 17. Kh2 c3 18. bxc3 Bxe2 19. Rxe2 Nxd5 20. Nb1 Nxc3 21. Nxc3 Rxc3
22. Qd1 Rxg3 23. Kxg3 Bxa1 24. Rd2 Nf6 25. Rxd6 Nh5+ 26. Kh2 Qh4 27. Qg4 Qxg4
28. hxg4 Nf6 29. e5 Nxg4+ 30. Kh3 Nh6 31. Rd7 Rc8 32. Bd2 Bc3 33. Bb7 Re8 34.
Bxc3 bxc3 35. Rc7 Rb8 36. Bd5 Rb4 37. Kh4 Rxf4+ 38. Kg3 Rd4 39. Bb3 Re4 0-1

[Event "DC International 2014"]
[Site "Arlington, VA"]
[Date "2014.06.28"]
[Round "5"]
[White "Vibbert, Sean"]
[Black "Belliard, Luis"]
[Result "1/2-1/2"]
[WhiteElo "2316"]
[BlackElo "2126"]
[PlyCount "152"]
[EventDate "2014.06.??"]
[EventType "swiss"]
[EventRounds "9"]
[EventCountry "USA"]

1. e4 e6 2. Nc3 d5 3. d4 Bb4 4. exd5 exd5 5. Bd3 Ne7 6. Nge2 c5 7. dxc5 Bxc5 8.
O-O Nbc6 9. Nf4 Be6 10. Na4 Bd6 11. Re1 Qd7 12. c3 O-O 13. Be3 Bf5 14. Nc5 Qc7
15. Bxf5 Bxf4 16. Bxf4 Qxf4 17. Bc2 b6 18. Nb3 Rac8 19. Re3 Rfd8 20. Qe2 Ng6
21. Rd1 Nce5 22. g3 Qf6 23. Bxg6 Nxg6 24. f4 h6 25. Nd4 Rc7 26. Re1 Kh7 27. h4
Rcd7 28. Qd3 Kg8 29. Nf5 Nf8 30. Re8 g6 31. Nxh6+ Kh7 32. Ng4 Qg7 33. Rxd8 Rxd8
34. Re7 Rd7 35. Rxd7 Nxd7 36. Qxd5 Nf6 37. Nxf6+ Qxf6 38. h5 Qe7 39. Kf2 a5 40.
a4 Qc7 41. Qe5 Qd7 42. Qd4 Qe6 43. h6 f6 44. Qd8 Qf5 45. Qf8 Qc2+ 46. Ke3 Qc1+
47. Ke4 Qh1+ 48. Kd4 Qd1+ 49. Kc4 Qxa4+ 50. b4 Qc6+ 51. Kb3 Qd5+ 52. Ka3 axb4+
53. Kxb4 Qa5+ 54. Kc4 Qa4+ 55. Kd5 Qd7+ 56. Ke4 Qc6+ 57. Kd3 Qd5+ 58. Ke3 Qe6+
59. Kf2 Qd7 60. Qg7+ Qxg7 61. hxg7 Kxg7 62. Ke3 Kf7 63. Kd4 Ke6 64. Kc4 Kd6 65.
Kb5 Kc7 66. g4 Kb7 67. c4 Kc7 68. f5 gxf5 69. gxf5 Kb7 70. Ka4 Kc7 71. Kb3 Kd6
72. Kb4 Kc6 73. Kb3 Kd6 74. Kc3 Kc5 75. Kd3 Kc6 76. Kc3 Kc5 1/2-1/2

[Event "DC International 2014"]
[Site "Arlington, VA"]
[Date "2014.06.28"]
[Round "5"]
[White "Shetty, Atulya"]
[Black "Filipovich, David"]
[Result "1-0"]
[WhiteElo "2302"]
[BlackElo "2076"]
[PlyCount "49"]
[EventDate "2014.06.??"]
[EventType "swiss"]
[EventRounds "9"]
[EventCountry "USA"]

1. c4 g6 2. g3 Bg7 3. Bg2 c5 4. Nc3 Nc6 5. Nf3 e5 6. O-O Nge7 7. a3 O-O 8. Rb1
a5 9. Ne1 d6 10. Nc2 Be6 11. Ne3 Qd7 12. Ned5 Rab8 13. d3 f5 14. Bd2 h6 15. Qa4
b6 16. b4 axb4 17. axb4 g5 18. Qa6 cxb4 19. Nxe7+ Qxe7 20. Nd5 Qd8 21. Nxb4 Ra8
22. Qb7 Nd4 23. e3 Ne2+ 24. Kh1 Rb8 25. Qf3 1-0